000
00259nam a2200097Ia 4500
001
811423
005
20250826171540.0
008
250824s9999 xx 000 0 und d
245
0
_a
KAHRAMANIM NASREDDİN HOCA
_c
İRFAN GÜRKAN ÇELEBİ
260
_b
NESİL YAYINLARI
999
_c
811423
_d
811423